000 00805nab a2200241u 4500
001 15458
003 HDC
007 c| |||a|c|aaaa
008 210217b20140415my ||||| |||| 00| 0 may d
040 _aHDC
100 _aZuraidah Mohamed /
_eauthor
_98809
245 0 _aDana pembiayaan PUNB RM275 juta /
_cZuraidah Mohamed
336 _atext
_2rdacontent
337 _acomputer
_2rdamedia
338 _aonline resource
_2rdacarrier
650 _aPerbadanan Usahawan Nasional Berhad (PUNB)
_915665
650 _aPUNB Biz Challenge
_915666
710 _aBERITA HARIAN
856 _zRequest full-text at [email protected]
942 _2lcc
942 _cNEWS
942 _kNWSC 003724
999 _c12774
_d12774